[Event "ch-SWE"]
[Site "Orebro SWE"]
[Date "2000.07.06"]
[Round "5"]
[White "Rylander,D"]
[Black "Barkhagen,J"]
[Result "0-1"]
[WhiteElo "2223"]
[BlackElo "2449"]

1.d4 d5 2.c4 c6 3.Nf3 Nf6 4.Nc3 e6 5.e3 Nbd7 6.Bd3 Bd6 7.O-O O-O 8.e4 dxe4
9.Nxe4 Nxe4 10.Bxe4 h6 11.Bc2 c5 12.Qd3 Nf6 13.b4 cxb4 14.Re1 b6 15.Bb2 b5
16.c5 Bc7 17.Ne5 Bxe5 18.Rxe5 Bb7 19.Rae1 Bd5 20.Bb1 Qd7 21.g4 g6 22.Qg3 Nh7
23.f4 Rfe8 24.Qh3 Kg7 25.Bc1 f5 26.Qg3 Kf7 27.Qh4 Nf6 28.h3 h5 29.gxf5 gxf5
30.Bd3 Rg8+ 31.Kf1 Rg6 32.Be2 Qc6 33.Bb2 Rag8 34.Bxh5 Nxh5 35.Qxh5 Bc4+ 36.Kf2 Qg2+
37.Ke3 Qxb2 38.Rxf5+ Ke7 39.Qh4+ Ke8  0-1

[Event "SuperGM"]
[Site "Dortmund GER"]
[Date "2000.07.08"]
[Round "2"]
[White "Akopian,V"]
[Black "Anand,V"]
[Result "1/2-1/2"]
[WhiteElo "2660"]
[BlackElo "2762"]

1.d4 d5 2.c4 c6 3.Nc3 Nf6 4.e3 e6 5.Nf3 Nbd7 6.Bd3 Bd6 7.e4 dxe4 8.Nxe4 Nxe4
9.Bxe4 e5 10.O-O exd4 11.Qxd4 Qf6 12.Bg5 Qxd4 13.Nxd4 Nc5 14.Bf5 O-O 15.Rad1 Re8
16.Be3  1/2-1/2

[Event "29th ch-GRE Team"]
[Site "Athens GRE"]
[Date "2000.07.09"]
[Round "4"]
[White "Karayannis,A"]
[Black "Kofidis,A"]
[Result "1-0"]
[WhiteElo "2365"]
[BlackElo "2408"]

1.d4 d5 2.Nf3 Nf6 3.c4 e6 4.Nc3 c6 5.e3 Nbd7 6.Bd3 dxc4 7.Bxc4 b5 8.Bd3 a6
9.a4 Bb7 10.O-O b4 11.Nb1 c5 12.Qe2 Be7 13.Nbd2 O-O 14.Rd1 Qc7 15.Nc4 Nb6
16.Nxb6 Qxb6 17.b3 Bxf3 18.Qxf3 cxd4 19.exd4 Nd5 20.h4 Bf6 21.Bg5 Bxd4 22.Bxh7+ Kxh7
23.Qe4+ Kg8 24.Rxd4 Rac8 25.Rd3 Rc3 26.h5 Rxd3 27.Qxd3 Rc8 28.h6 Rc3 29.Qe2 Rxb3
30.Qh5 Qd4 31.Rd1 Rd3 32.h7+ Kh8 33.Rc1 Rc3 34.Rd1 g6 35.Qe2 Nf4 36.Qg4 Rd3
37.Rxd3 Qxd3 38.Qxf4 Qd1+ 39.Kh2 Qh5+ 40.Kg3 f5 41.Bf6+  1-0

[Event "t-EuCh U18"]
[Site "Balatonlelle HUN"]
[Date "2000.07.09"]
[Round "1"]
[White "Szeberenyi,A"]
[Black "Blasko,I"]
[Result "1/2-1/2"]
[WhiteElo "2357"]
[BlackElo "2383"]

1.d4 d5 2.c4 c6 3.Nc3 Nf6 4.e3 e6 5.Nf3 Nbd7 6.Qc2 Bd6 7.Bd3 O-O 8.O-O dxc4
9.Bxc4 Qe7 10.a3 Bb8 11.h3 h6 12.Bd2 e5 13.Nh4 Nb6 14.Ba2 exd4 15.exd4 Qd6
16.Nf3 Be6 17.Bxe6 Qxe6  1/2-1/2

[Event "2nd ShakkiNet GM"]
[Site "Helsinki FIN"]
[Date "2000.07.10"]
[Round "1"]
[White "Gavrikov,Vi"]
[Black "Sammalvuo,T"]
[Result "0-1"]
[WhiteElo "2563"]
[BlackElo "2383"]

1.d4 d5 2.c4 c6 3.Nf3 Nf6 4.e3 e6 5.Nc3 Nbd7 6.Qc2 Bd6 7.Bd2 O-O 8.O-O-O c5
9.Kb1 a6 10.Bc1 dxc4 11.Bxc4 b5 12.Be2 Bb7 13.Ng5 cxd4 14.Rxd4 Be5 15.Rh4 h6
16.Nf3 Bxf3 17.Bxf3 Rc8 18.g3 Qa5 19.Qd2 Bxc3 20.bxc3 Ne5 21.Bg2 Nc4 22.Qc2 Rfd8
23.Ka1 e5 24.Rg1 Na3 25.Bxa3 Rxc3 26.Bb4 Qxb4 27.Qh7+ Kxh7 28.Rxb4 Rc2 29.Rb3 Rxf2
30.Ra3 e4 31.Rxa6 Rdd2 32.Bh3 Nd5 33.Rc1 Nc3  0-1

[Event "Staffordshire GM"]
[Site "Lichfield ENG"]
[Date "2000.07.10"]
[Round "5"]
[White "Crouch,C"]
[Black "Kelly,B"]
[Result "0-1"]
[WhiteElo "2424"]
[BlackElo "2421"]

1.d4 Nf6 2.c4 c6 3.Nc3 d5 4.Nf3 e6 5.e3 Nbd7 6.Qc2 Bd6 7.e4 dxe4 8.Nxe4 Nxe4
9.Qxe4 c5 10.Bg5 Be7 11.Bxe7 Qa5+ 12.Ke2 Kxe7 13.g3 Rd8 14.Bg2 cxd4 15.Qxd4 Nf6
16.Qe5 Rd2+ 17.Ke1 Qxe5+ 18.Nxe5 Rxb2 19.Nd3 Rc2 20.c5 Rb8 21.Kd1 Rc4 22.Rb1 Ne4
23.Rc1 Rd4 24.Ke2 Bd7 25.Ne5 Ra4 26.Nxd7 Kxd7 27.Ke3 f5 28.Rhd1+ Kc7 29.Bf1 Ra3+
30.Kf4 Nxf2 31.Rd6 Re8 32.Bc4 g6 33.Bb3 e5+ 34.Kf3 Nd3 35.Rc3 Nxc5 36.Rf6 b6
37.Rf7+ Kb8 38.Rxh7 a5 39.Rg7 a4 40.Rxg6 Kc7 41.Rg7+ Kb8 42.Rg6 Ne6 43.h4 axb3
44.axb3 Kb7 45.g4 e4+ 46.Kf2 f4 47.Rf6 e3+  0-1

[Event "ch-SWE"]
[Site "Orebro SWE"]
[Date "2000.07.10"]
[Round "8"]
[White "Agrest,E"]
[Black "Ingbrandt,J"]
[Result "1-0"]
[WhiteElo "2554"]
[BlackElo "2402"]

1.c4 c6 2.d4 d5 3.Nc3 Nf6 4.e3 e6 5.Nf3 Nbd7 6.Qc2 b6 7.Bd3 Bb7 8.O-O Be7
9.b3 dxc4 10.bxc4 c5 11.Qe2 O-O 12.Bb2 Rc8 13.Rad1 Qc7 14.Nb5 Qb8 15.Ne5 Rfd8
16.f4 Nf8 17.f5 a6 18.Na3 cxd4 19.exd4 b5 20.cxb5 axb5 21.Nxb5 Qa8 22.a3 Qa4
23.Ng4 Bd5 24.Ne3 Bb3 25.Rde1 Qa5 26.fxe6 fxe6 27.Rc1 Rxc1 28.Rxc1 Nd5 29.Nxd5 Bxd5
30.Nc3 Bf6 31.Nxd5 Qxd5 32.Rc4 Rb8 33.Qc2 h5 34.h3 h4 35.Bc3 Qg5 36.Be1 Be7
37.a4 Bd6 38.Qd2 Bf4 39.Qe2 Rb3 40.Rc8 Be3+ 41.Kh1 Ra3 42.Rxf8+  1-0

[Event "Canadian Open"]
[Site "Edmondton CAN"]
[Date "2000.07.11"]
[Round "5"]
[White "Ottosen,D"]
[Black "O'Donnell,T"]
[Result "1-0"]
[WhiteElo "2099"]
[BlackElo "2362"]

1.d4 d5 2.c4 e6 3.Nc3 Nf6 4.Nf3 c6 5.e3 Nbd7 6.Qc2 Bd6 7.g4 Qe7 8.g5 Nh5
9.Bd2 dxc4 10.Bxc4 b5 11.Be2 Bb7 12.O-O-O a6 13.Ne4 c5 14.Nxd6+ Qxd6 15.Bc3 Rc8
16.Kb1 b4 17.dxc5 Qxc5 18.Rxd7 Kxd7 19.Qa4+ Bc6 20.Ne5+ Kc7 21.Nxc6 bxc3
22.Rc1 Qf5+ 23.Ka1 Qxf2 24.Rxc3 Qe1+ 25.Bd1  1-0

[Event "2nd ShakkiNet GM"]
[Site "Helsinki FIN"]
[Date "2000.07.12"]
[Round "3"]
[White "Solozhenkin,E"]
[Black "Norri,J"]
[Result "1-0"]
[WhiteElo "2528"]
[BlackElo "2400"]

1.d4 Nf6 2.c4 e6 3.Nf3 d5 4.Nc3 c6 5.e3 Nbd7 6.Qc2 Bd6 7.Bd3 O-O 8.O-O dxc4
9.Bxc4 a6 10.Rd1 b5 11.Be2 Qc7 12.e4 e5 13.g3 Re8 14.a3 h6 15.b4 a5 16.bxa5 Rxa5
17.Bb2 Bb7 18.Rac1 Qb8 19.dxe5 Nxe5 20.Nxe5 Bxe5 21.f4 Qa7+ 22.Kf1 Bc8 23.Kg2 Bb8
24.h3 Qe7 25.Bf3 Qe6 26.Rh1 Ba7 27.e5 Nd7 28.Ne4 c5 29.Nd6 Rf8 30.Qd2 Ra6
31.Nxc8 Rxc8 32.Bb7 Rc7 33.Bxa6 Qxa6 34.Rhd1 c4 35.Qd6 Qb7+ 36.Qd5 Qa6 37.f5 Nf8
38.Qe4 Qc8 39.Bd4 Qa6 40.Bxa7 Rxa7 41.Rc3 Re7 42.Rd8 Qa5 43.Qd4 Qc7 44.Re3  1-0

[Event "SuperGM"]
[Site "Dortmund GER"]
[Date "2000.07.13"]
[Round "6"]
[White "Piket,Je"]
[Black "Khalifman,A"]
[Result "1/2-1/2"]
[WhiteElo "2649"]
[BlackElo "2667"]

1.d4 d5 2.c4 c6 3.Nc3 Nf6 4.e3 e6 5.Nf3 Nbd7 6.Bd3 dxc4 7.Bxc4 b5 8.Bd3 Bb7
9.O-O a6 10.e4 c5 11.d5 Qc7 12.dxe6 fxe6 13.Bc2 Bd6 14.Ng5 Nf8 15.f4 O-O-O
16.Qe1 e5 17.Nd5 Bxd5 18.exd5 exf4 19.Bd2 Re8 20.Qh4 Ng6 21.Qh3+ Kb8 22.a4 b4
23.Rad1 c4 24.Ne6 Qb6+ 25.Kh1 Nxd5 26.Nxg7 Re3 27.Bxe3 Nxe3 28.a5 Qc6 29.Be4 Qxe4
30.Rxd6 Nxf1 31.Rb6+ Ka8 32.Rxa6+ Kb8 33.Rb6+ Ka8 34.Ra6+ Kb8  1/2-1/2

[Event "SuperGM"]
[Site "Dortmund GER"]
[Date "2000.07.14"]
[Round "7"]
[White "Khalifman,A"]
[Black "Bareev,E"]
[Result "1/2-1/2"]
[WhiteElo "2667"]
[BlackElo "2702"]

1.d4 d5 2.c4 c6 3.Nc3 Nf6 4.Nf3 e6 5.e3 Nbd7 6.Bd3 dxc4 7.Bxc4 b5 8.Bd3 Bb7
9.O-O b4 10.Ne4 Be7 11.Nxf6+ Nxf6 12.e4 O-O 13.e5 Nd7 14.Be4 Rb8 15.a3 bxa3
16.b4 f5 17.Bd3 Nb6 18.Bxa3 Nd5 19.Bc4 Qb6 20.Qd3 Rfd8 21.Rfb1 h6 22.Rb3 Kh8
23.Rab1 Nc7 24.h3 Nd5 25.Kh2 Bc8 26.Qd1 Qc7 27.Kg1 Rb6 28.Ne1 Ba6 29.Bc1  1/2-1/2

[Event "Aegean Open"]
[Site "Agios Kyrikos GRE"]
[Date "2000.07.15"]
[Round "1"]
[White "Nesic,N"]
[Black "Panagiotopoulos,O"]
[Result "1-0"]
[WhiteElo "2234"]
[BlackElo "2078"]

1.d4 d5 2.Nf3 e6 3.c4 c6 4.e3 Nf6 5.Nc3 Nbd7 6.Bd3 dxc4 7.Bxc4 b5 8.Bb3 b4
9.Ne2 c5 10.Bd2 cxd4 11.Nexd4 Ba6 12.Rc1 Bc5 13.Bxe6 fxe6 14.Qa4 Qb6 15.Rxc5 Qxc5
16.Qxa6 Qb6 17.Qc4 O-O 18.Nxe6 Rfc8 19.Nc7+ Kh8 20.Nxa8 Rxc4 21.Nxb6 Nxb6
22.Nd4 a5 23.Ke2 Kg8 24.Rc1 Ne4 25.Rxc4 Nxc4 26.Bc1 Nc5 27.b3 Ne5 28.Bd2 Kf7
29.f3 Ke8 30.e4 Kd7 31.Be3 Nb7 32.Nc2 Nc6 33.f4 Nd6 34.Kd3 Nb5 35.Bd2 Kd6
36.Kc4 Nc7 37.Nd4 Nxd4 38.Kxd4 Kc6 39.f5 Nb5+ 40.Kd3 Kd7 41.g4 Kc6 42.h4 Kd6
43.Bf4+ Kc6 44.Be5 g6 45.fxg6  1-0

[Event "ch-SCO"]
[Site "Glasgow SCO"]
[Date "2000.07.15"]
[Round "1"]
[White "Grant,J"]
[Black "Rutherford,E"]
[Result "1-0"]
[WhiteElo "2208"]
[BlackElo "2050"]

1.Nf3 d5 2.d4 Nf6 3.c4 e6 4.Nc3 c6 5.e3 Nbd7 6.Qc2 Be7 7.b3 O-O 8.Bb2 Re8
9.Be2 Bf8 10.O-O dxc4 11.Bxc4 b5 12.Bd3 a6 13.Ne4 Qb6 14.Nfg5 h6 15.Nxf6+ Nxf6
16.Bh7+  1-0

[Event "Open"]
[Site "Bolzano ITA"]
[Date "2000.07.16"]
[Round "2"]
[White "Farago,I"]
[Black "Khenkin,I"]
[Result "1/2-1/2"]
[WhiteElo "2467"]
[BlackElo "2622"]

1.d4 d5 2.c4 c6 3.Nf3 Nf6 4.Nc3 e6 5.e3 Nbd7 6.Qc2 Bd6 7.Bd3 O-O 8.O-O dxc4
9.Bxc4 a6 10.Rd1 b5 11.Be2 Qc7 12.e4 e5 13.g3 Re8 14.dxe5 Nxe5 15.Bg5  1/2-1/2

[Event "Open"]
[Site "Bolzano ITA"]
[Date "2000.07.16"]
[Round "2"]
[White "Banikas,H"]
[Black "Godena,M"]
[Result "1-0"]
[WhiteElo "2535"]
[BlackElo "2487"]

1.d4 d5 2.c4 c6 3.Nf3 Nf6 4.Nc3 e6 5.e3 a6 6.Bd3 dxc4 7.Bxc4 c5 8.Bd3 Nbd7
9.a4 b6 10.O-O Bb7 11.Qe2 Qb8 12.Rd1 Bd6 13.dxc5 Bxc5 14.b3 O-O 15.Bb2 h6
16.Rac1 Ra7 17.h3 Rc8 18.Nb1 Be7 19.Rxc8+ Qxc8 20.Rc1 Qf8 21.Ba1 Nc5 22.Nbd2 Nxd3
23.Qxd3 Ra8 24.Bd4 Qd8 25.e4 Bc5 26.Qe3 Bxd4 27.Nxd4 Rc8 28.Rxc8 Qxc8 29.f3 Qc5
30.Kf2 Bc8 31.Ne2 Nd7 32.Nc4 b5 33.axb5 axb5 34.Nb2 e5 35.Nd3 Qc2 36.b4 Qc4
37.Qd2 f6 38.Nb2 Qb3 39.Qc3 Qxc3 40.Nxc3 Ba6 41.Nd3 Kf8 42.Ke3 Ke8 43.h4 Kd8
44.h5 Kc7 45.Kd2 Kd6 46.g3 Kc6 47.Nd5 Kd6 48.Ne3 Ke6 49.Nf5 Kf7 50.Kc3 Kf8
51.Nc5 Nxc5 52.bxc5 b4+ 53.Kxb4 Be2 54.c6 Ke8 55.Kc5 Bxf3 56.Kb6  1-0

[Event "ch-USA Junior"]
[Site "Catonsville USA"]
[Date "2000.07.16"]
[Round "9"]
[White "Winer,S"]
[Black "Bhat,V"]
[Result "1/2-1/2"]
[WhiteElo "2308"]
[BlackElo "2398"]

1.d4 e6 2.c4 d5 3.Nc3 c6 4.e3 Nf6 5.Nf3 Nbd7 6.Qc2 b6 7.Bd3 Bb7 8.O-O Be7
9.b3 O-O 10.Bb2 h6 11.Rad1 Qc7 12.h3 Rac8 13.e4 dxe4 14.Nxe4 Nxe4 15.Bxe4 Nf6
16.Bd3 c5 17.Ne5 cxd4 18.Bxd4 Rfd8 19.Bb2 Bc5 20.Qe2 Kf8 21.Bc2 a5 22.Rxd8+ Rxd8
23.Rd1 Ke8 24.Rxd8+ Kxd8 25.Kf1 Ke8 26.Kg1 Qd6 27.Qd3 Ne4 28.Qxd6 Bxd6 29.Nd3 g5
30.Bd4 Nc5 31.Ne5 f5 32.f3 h5 33.Kf2 h4 34.Ke2 Bc7 35.Kf2 Nd7 36.Nxd7 Kxd7
37.Bf6 Bd8 38.Be5 Ke7 39.Bd3 Kf7 40.Ke3 Bc6 41.Bf1 Be7 42.Kd3 Bc5 43.Bc7 Ke7
44.Be5 Bd6 45.Kd4 Bc5+ 46.Kd3 Kf7 47.Bc7 Kg6 48.a3 g4 49.hxg4 fxg4 50.fxg4 Kg5
51.b4 axb4 52.axb4 Bxb4 53.Bxb6 Kxg4 54.Bc7 Be7 55.Kd4 Bg5 56.Be2+ Kf5 57.Bd3+ Kg4
58.Be2+ Kf5 59.Bd3+  1/2-1/2

[Event "SuperGM"]
[Site "Dortmund GER"]
[Date "2000.07.16"]
[Round "9"]
[White "Piket,Je"]
[Black "Bareev,E"]
[Result "1/2-1/2"]
[WhiteElo "2649"]
[BlackElo "2702"]

1.d4 d5 2.c4 c6 3.Nf3 Nf6 4.Nc3 e6 5.e3 Nbd7 6.Bd3 dxc4 7.Bxc4 b5 8.Bd3 Bb7
9.O-O b4 10.Na4 c5 11.dxc5 Bxc5 12.Nxc5 Nxc5 13.Bb5+ Ke7 14.Bd2 a5 15.Nd4 Qb6
16.a3 b3 17.Rc1 Rhd8 18.Qe2 e5 19.Nf5+ Kf8 20.Bc3 Nce4 21.Ng3  1/2-1/2

[Event "Open"]
[Site "Bolzano ITA"]
[Date "2000.07.17"]
[Round "4"]
[White "Farago,I"]
[Black "Trabert,B"]
[Result "1/2-1/2"]
[WhiteElo "2467"]
[BlackElo "2273"]

1.d4 d5 2.c4 e6 3.Nc3 c6 4.e3 Nf6 5.Nf3 Nbd7 6.Qc2 Bd6 7.Bd3 O-O 8.O-O h6
9.b3 Re8 10.Bb2 Qe7 11.c5 Bc7 12.e4 dxe4 13.Nxe4 Nxe4 14.Bxe4 e5 15.Rac1 exd4
16.Rfe1 Qd8 17.Bxd4 Nf6 18.Bf5  1/2-1/2

[Event "Open"]
[Site "Dieren NED"]
[Date "2000.07.18"]
[Round "1"]
[White "Ernst,S"]
[Black "Verholt,G"]
[Result "1-0"]
[WhiteElo "2373"]
[BlackElo "2117"]

1.d4 d5 2.c4 c6 3.Nf3 Nf6 4.Nc3 e6 5.e3 Nbd7 6.Bd3 Bd6 7.O-O O-O 8.Qe2 dxc4
9.Bxc4 e5 10.Rd1 e4 11.Ng5 Qe7 12.Qc2 Nb6 13.Bb3 Bxh2+ 14.Kxh2 Ng4+ 15.Kg1 Qxg5
16.Qxe4 Qh6 17.Qf4 Qxf4 18.exf4 Re8 19.f3 Nf6 20.Bc2 Nfd5 21.Ne4 f5 22.Nd6 Rf8
23.Re1 g6 24.Bb3 Kg7 25.Ne8+ Kh8 26.Bd2 Bd7 27.Nd6 Rab8 28.Ba5 Rf6 29.Bxb6 axb6
30.Nc4 Nxf4 31.Nxb6 Rd6 32.g3 Nh5 33.Re7 Rd8 34.Nc4 Re6 35.Rf7 Be8 36.Rxb7 Rxd4
37.Kf2 f4 38.g4 Nf6 39.a4 Nd7 40.a5 Nc5 41.a6 Nxb3 42.a7 Rxc4 43.a8=Q Rc2+
44.Kg1 Nd4 45.Rxh7+ Kg8 46.Qa7  1-0

[Event "Open"]
[Site "Bolzano ITA"]
[Date "2000.07.19"]
[Round "6"]
[White "Ortega,Le"]
[Black "Trabert,B"]
[Result "0-1"]
[WhiteElo "2479"]
[BlackElo "2273"]

1.d4 d5 2.c4 e6 3.Nc3 c6 4.e3 Nf6 5.Nf3 Nbd7 6.Bd3 dxc4 7.Bxc4 b5 8.Bd3 b4
9.Ne4 Bb7 10.Nxf6+ Nxf6 11.O-O Be7 12.Qe2 O-O 13.e4 c5 14.dxc5 Nd7 15.c6 Bxc6
16.Be3 Qb8 17.Nd4 Bb7 18.Bb5 Nf6 19.Nc6 Qc7 20.Nxe7+ Qxe7 21.f3 a6 22.Ba4 Rac8
23.Rfd1 h6 24.Rac1 Rfd8 25.Rxd8+ Qxd8 26.Rxc8 Qxc8 27.Qd2 a5 28.Bb6 Qc4 29.b3 Qa6
30.Qd8+ Kh7 31.Kf2 Bxe4 32.fxe4 Nxe4+ 33.Ke3 f5 34.Be8 Qf1 35.Bf7 Qf2+ 36.Kd3 Qd2+
37.Kc4 Nd6+  0-1

[Event "Golden Cleopatra Open"]
[Site "Cairo EGY"]
[Date "2000.07.19"]
[Round "8"]
[White "Adly,A"]
[Black "Afifi,As"]
[Result "1/2-1/2"]
[WhiteElo "2217"]
[BlackElo "2321"]

1.d4 d5 2.Nf3 c6 3.c4 Nf6 4.Nc3 e6 5.e3 Nbd7 6.Qc2 Be7 7.a3 O-O 8.c5 Qc7
9.b4 e5 10.dxe5 Nxe5 11.Nxe5 Qxe5 12.Bb2 Bf5 13.Qd2 Rfe8 14.Bd3 d4 15.Nd1 Bxd3
16.Qxd3 Qg5 17.O-O dxe3 18.Nxe3 Rad8 19.Qf5 Nd5 20.Qxg5 Bxg5 21.Nf5 g6 22.Nd6 Re2
23.Bd4 b5 24.Rfe1 Rd2 25.Be5 Be7 26.Rad1 Rxd1 27.Rxd1 f6 28.Bg3 Bxd6 29.cxd6 Kf7
30.Rc1 Rc8 31.Kf1 Ke6 32.h3 Kd7 33.Ke2 a5 34.bxa5 Ra8 35.Kd3 Rxa5 36.Ra1 Ra4
37.Kc2 b4 38.Kb3 Rxa3+ 39.Rxa3 bxa3 40.Kxa3 Nc3 41.f3 Nb5+ 42.Kb4 Nxd6 43.Bh4 Nf5
44.Bf2 Ne7 45.Kc5 Nd5 46.g3 Nc7 47.h4 Ne6+ 48.Kc4 f5 49.g4 Kd6 50.Bg3+ f4
51.Bf2 h5 52.g5 Ke5 53.Be1 Kf5 54.Bf2 Nxg5 55.hxg5 Kxg5 56.Kc5 h4 57.Kxc6 h3
58.Bg1 Kf5 59.Kd5 g5 60.Bh2  1/2-1/2

[Event "10th Open"]
[Site "Jyvaskyla FIN"]
[Date "2000.07.19"]
[Round "2"]
[White "Linqvist,G"]
[Black "Payen,A"]
[Result "0-1"]
[WhiteElo "2129"]
[BlackElo "2354"]

1.c4 c6 2.d4 d5 3.Nf3 Nf6 4.Nc3 e6 5.e3 Nbd7 6.Bd3 dxc4 7.Bxc4 b5 8.Bd3 a6
9.e4 c5 10.e5 Ng4 11.O-O cxd4 12.Be4 Ra7 13.Nxd4 Ndxe5 14.Nc6 Qxd1 15.Rxd1 Nxc6
16.Bxc6+ Bd7 17.Bf3 Ne5 18.Be2 Bc6 19.Be3 Rd7 20.Rxd7 Kxd7 21.Rd1+ Kc7 22.b3 Bb4
23.Rc1 Ba3 24.Rc2 Kb7 25.f4 Nd7 26.Nb1 Bd6 27.Nd2 Nf6 28.Bf3 Bxf3 29.Nxf3 Nd5
30.Bd4 Bxf4 31.Bxg7 Be3+ 32.Kh1 Rd8 33.Be5 f6 34.Bg3 e5 35.h3 b4 36.Rc4 a5
37.Kh2 Nc3 38.Bh4 Rd6 39.Be1 Nxa2 40.g3 Nc1 41.Kg2 Rc6 42.Bd2 Rxc4 43.bxc4 Bxd2
44.Nxd2 a4  0-1

[Event "10th Open"]
[Site "Jyvaskyla FIN"]
[Date "2000.07.19"]
[Round "2"]
[White "Kilpi,T"]
[Black "Sammalvuo,T"]
[Result "0-1"]
[WhiteElo "2147"]
[BlackElo "2388"]

1.d4 d5 2.c4 c6 3.Nf3 Nf6 4.Nc3 e6 5.e3 Nbd7 6.Bd3 dxc4 7.Bxc4 b5 8.Bd3 Bb7
9.O-O a6 10.a4 b4 11.Ne4 c5 12.Nxc5 Bxc5 13.dxc5 Nxc5 14.Bc4 Qc7 15.Qe2 Ng4  0-1

[Event "10th Open"]
[Site "Jyvaskyla FIN"]
[Date "2000.07.20"]
[Round "4"]
[White "Solozhenkin,E"]
[Black "Sammalvuo,T"]
[Result "1/2-1/2"]
[WhiteElo "2504"]
[BlackElo "2388"]

1.d4 d5 2.c4 c6 3.Nf3 Nf6 4.Nc3 e6 5.e3 Nbd7 6.Qc2 Bd6 7.Bd3 dxc4 8.Bxc4 O-O
9.O-O a6 10.Rd1 c5 11.dxc5 Bxc5 12.a4 Qc7 13.Ne4 Be7 14.Nxf6+ Bxf6 15.e4 Nb6
16.Bb3 Qxc2 17.Bxc2 Nc4 18.Ra2 Rd8 19.b3 Na5 20.e5 Be7 21.Rxd8+ Bxd8 22.b4 Nc6
23.Bd2 Be7 24.Rb2 Bd7 25.Kf1 Rc8 26.Bd3 f6 27.exf6 Bxf6 28.Rb1 Nd4 29.Nxd4 Bxd4
30.b5 axb5 31.axb5 Ra8 32.f3 Ra1 33.Rxa1 Bxa1 34.Be3 Kf7 35.Ke2 Be5 36.h3 g6
37.g4 Bg3 38.f4 e5 39.Kf3 exf4 40.Bxf4 Be1 41.Ke4 h5 42.Be2 hxg4 43.hxg4 Ke7
44.Ke5 Bc3+ 45.Kd5 Bb4 46.Bg5+ Kf7 47.Ke5 Bc5 48.Bd8 b6 49.Bc7 Ke7 50.Kf4 Kf6
51.Be5+ Kf7 52.Bc4+ Ke7 53.Kg5 Be3+ 54.Bf4 Bxf4+ 55.Kxf4 Kf6 56.g5+ Ke7 57.Ke3 Be8
58.Bd3  1/2-1/2

[Event "ch-HUN Women"]
[Site "Budapest HUN"]
[Date "2000.07.21"]
[Round "1"]
[White "Horvath,Ju"]
[Black "Madl,I"]
[Result "0-1"]
[WhiteElo "2308"]
[BlackElo "2418"]

1.d4 d5 2.c4 c6 3.Nf3 Nf6 4.Nc3 e6 5.e3 Nbd7 6.Qc2 Bd6 7.Bd3 dxc4 8.Bxc4 O-O
9.O-O a6 10.e4 e5 11.h3 Qe7 12.Bg5 b5 13.Bb3 h6 14.Bh4 Bb7 15.Rfe1 Rac8 16.Rad1 b4
17.Na4 c5 18.dxe5 Nxe5 19.Nxe5 Bxe5 20.Nb6 Rcd8 21.Bd5 g5 22.Bxb7 Qxb7 23.Nc4 Rxd1
24.Qxd1 Bd4 25.Bg3 Nxe4 26.Qf3 f5 27.Re2 Qd7 28.h4 g4 29.Qf4 Nxg3 30.Qxg3 f4
31.Qb3 Qf7 32.Qd3 g3  0-1

[Event "Open"]
[Site "Bolzano ITA"]
[Date "2000.07.22"]
[Round "9"]
[White "Rossi,G"]
[Black "Astengo,M"]
[Result "1-0"]
[WhiteElo "2078"]
[BlackElo "2032"]

1.d4 d5 2.c4 e6 3.Nc3 c6 4.e3 Nf6 5.Nf3 Nbd7 6.Qc2 Bd6 7.Bd3 O-O 8.O-O Re8
9.Rd1 e5 10.cxd5 cxd5 11.dxe5 Nxe5 12.Be2 Bg4 13.Nd4 Rc8 14.h3 Bxe2 15.Qxe2 Bb8
16.Bd2 Ng6 17.Be1 Qd6 18.g3 Re5 19.Rac1 Qd7 20.Nf3 Rh5 21.h4 Ne7 22.Ng5 g6
23.Qf3 Rc6 24.Ne2 h6 25.Rxc6 Qxc6 26.Rc1 Qb6 27.Bc3 Kg7 28.Bd4 Qa6 29.Nf4 hxg5
30.Nxh5+ gxh5 31.hxg5 Ng6 32.Qxf6+ Qxf6 33.Bxf6+ Kh7 34.Rc8 Be5 35.Bxe5 Nxe5
36.Rc7 Kg6 37.Rxb7  1-0

[Event "Politiken Cup"]
[Site "Copenhagen DEN"]
[Date "2000.07.22"]
[Round "6"]
[White "Henrichsen,J"]
[Black "Romsdal,T"]
[Result "1-0"]
[WhiteElo "2046"]
[BlackElo "2222"]

1.d4 d5 2.c4 c6 3.Nf3 Nf6 4.Nc3 e6 5.e3 Nbd7 6.Bd3 Bd6 7.O-O O-O 8.e4 dxe4
9.Nxe4 Nxe4 10.Bxe4 Nf6 11.Bc2 c5 12.Bg5 h6 13.Bh4 cxd4 14.Qxd4 Bc7 15.Qxd8 Rxd8
16.Rfd1 Bd7 17.Bg3 Bxg3 18.hxg3 Ng4 19.Be4 Rab8 20.Rd2 f5 21.Bc2 Kf7 22.Rad1 Ke7
23.Re1 g6 24.Nh4 Rg8 25.Nf3 Rbc8 26.Nd4 Rc7 27.f3 Nf6 28.Rde2 Kf7 29.Nxe6 Bxe6
30.Rxe6 Rd8 31.R6e2 Rcd7 32.c5 Nd5 33.Bb3 Kf8 34.Re6 Kg7 35.Rd6 Nb4 36.Ree6 Rxd6
37.cxd6 Nc6 38.Bd5 a5 39.b3 Nd4 40.Re7+ Kf6 41.f4 g5 42.Rf7+ Kg6 43.Rxb7 Rxd6
44.Bc4 Nc2 45.Re7 a4 46.bxa4 Rd4 47.Bb3 Nb4 48.a5 gxf4 49.gxf4 Kh5 50.Rc7 Rd6
51.Rb7 Nd5 52.g3 Kg4 53.Kf2 Nf6 54.Rb6 Ne4+ 55.Ke3 Rd8 56.a6 Ra8 57.Bd5 Ra7
58.Bxe4 Re7 59.Rb4 fxe4 60.Rb7 Re6 61.Rg7+ Kh5 62.a7 Ra6 63.g4+ Kh4 64.Kxe4 h5
65.gxh5 Kxh5 66.Kd5 Kh6 67.Rc7 Rxa2 68.Kc6 Kg6 69.Kb7 Rb2+ 70.Kc8  1-0

[Event "KB Czech Open"]
[Site "Pardubice CZE"]
[Date "2000.07.22"]
[Round "2"]
[White "Dobrov,V"]
[Black "Schlosser,P"]
[Result "1-0"]
[WhiteElo "2339"]
[BlackElo "2523"]

1.d4 Nf6 2.c4 e6 3.Nf3 d5 4.Nc3 c6 5.e3 Nbd7 6.Qc2 Bd6 7.g4 Bb4 8.Bd2 b6
9.Bd3 Ba6 10.b3 h6 11.Rg1 c5 12.g5 hxg5 13.Rxg5 cxd4 14.exd4 dxc4 15.bxc4 Bb7
16.Ne5 Nxe5 17.dxe5 Nd7 18.O-O-O Bf3 19.Rdg1 Nc5 20.Bg6 Rf8 21.Bh7 g6 22.Bxg6 fxg6
23.Rxg6 Bxc3 24.Qxc3 Be4 25.Rg7 Qd3 26.Qxd3 Nxd3+ 27.Kb1 O-O-O 28.Be3 Nxf2+
29.Ka1 Nd1 30.Bg5 Rf2 31.Bxd8 Nc3 32.Rxa7 Rxh2 33.Bxb6 Bg2 34.Bd4 Kb8 35.Rg7 Ne2
36.R7xg2  1-0

[Event "KB Czech Open"]
[Site "Pardubice CZE"]
[Date "2000.07.22"]
[Round "2"]
[White "Kubala,M"]
[Black "Kundin,A"]
[Result "1-0"]
[WhiteElo "2308"]
[BlackElo "2444"]

1.d4 d5 2.c4 c6 3.Nc3 Nf6 4.e3 e6 5.Nf3 Nbd7 6.Bd3 dxc4 7.Bxc4 b5 8.Bd3 a6
9.a4 b4 10.Ne4 c5 11.O-O Bb7 12.Ned2 Be7 13.a5 O-O 14.Qe2 Qc7 15.Rd1 Rfd8
16.Nc4 Rac8 17.Nfe5 Qb8 18.Bd2 Qa7 19.Be1 cxd4 20.exd4 Nxe5 21.dxe5 Nd5 22.Qh5 g6
23.Qg4 Kg7 24.Rac1 h5 25.Qg3 h4 26.Qg4 h3 27.g3 Rh8 28.Bxg6 fxg6 29.Qxe6 Qc5
30.Nd6 Qxc1 31.Rxc1 Rxc1 32.Kf1 Bc6 33.Qf7+ Kh6 34.Ke2 Bxd6 35.Bd2+ g5 36.Qe6+ Kg7
37.Bxc1 Rh6 38.Qf5 Be7 39.Bxg5 Bxg5 40.Qxg5+ Rg6 41.Qf5 b3 42.Kd2 Bb5 43.e6 Nf6
44.Qe5 Kh7 45.f3 Ne8 46.f4 Ng7 47.f5 Rg5 48.Qe4  1-0

[Event "Open"]
[Site "Bergen NOR"]
[Date "2000.07.24"]
[Round "4"]
[White "Tallaksen,G"]
[Black "Gausel,E"]
[Result "0-1"]
[WhiteElo "2221"]
[BlackElo "2492"]

1.d4 Nf6 2.c4 e6 3.Nf3 d5 4.Nc3 c6 5.e3 Nbd7 6.Qc2 Bd6 7.b3 O-O 8.Bd3 dxc4
9.bxc4 e5 10.O-O Re8 11.Bb2 Qe7 12.dxe5 Nxe5 13.Nxe5 Qxe5 14.g3 Qh5 15.Ne4 Ng4
16.h4 Be5 17.Rfd1 Bxb2 18.Qxb2 Ne5 19.Nd6 Bg4 20.Nxe8 Rxe8 21.Rd2 Nf3+ 22.Kg2 g5
23.Be2 gxh4 24.Rd6 hxg3 25.Rh1 Ne1+ 26.Kxg3 Qxh1 27.Bxg4 Qg2+ 28.Kh4 Qh2+  0-1

[Event "Open"]
[Site "Bergen NOR"]
[Date "2000.07.24"]
[Round "4"]
[White "Johannessen,LE"]
[Black "Hersvik,D"]
[Result "1-0"]
[WhiteElo "2422"]
[BlackElo "2172"]

1.d4 d5 2.c4 c6 3.Nc3 Nf6 4.e3 e6 5.Nf3 Nbd7 6.Qc2 Bd6 7.Bd3 O-O 8.O-O dxc4
9.Bxc4 e5 10.Bb3 Qc7 11.h3 exd4 12.exd4 h6 13.Bxh6 Bf4 14.Bxf4 Qxf4 15.Qe2 Re8
16.Qc4 Ne4 17.Nxe4  1-0

[Event "MTO Open"]
[Site "Biel SUI"]
[Date "2000.07.24"]
[Round "1"]
[White "Scheffknecht,P"]
[Black "Elfert,A"]
[Result "0-1"]
[WhiteElo "2094"]
[BlackElo "2412"]

1.d4 d5 2.c4 c6 3.Nc3 e6 4.e3 Nf6 5.Nf3 Nbd7 6.Bd3 Bd6 7.O-O O-O 8.e4 dxe4
9.Nxe4 Nxe4 10.Bxe4 e5 11.Qc2 g6 12.Bg5 Be7 13.Bxe7 Qxe7 14.dxe5 Nxe5 15.Rfe1 Nxf3+
16.Bxf3 Be6 17.Rad1 Qc5 18.Rc1 Rfe8 19.Qc3 Qxc4 20.Qxc4 Bxc4 21.b3 Rxe1+
22.Rxe1 Be6  0-1

[Event "KB Czech Open"]
[Site "Pardubice CZE"]
[Date "2000.07.24"]
[Round "4"]
[White "Markos,J"]
[Black "Schlosser,P"]
[Result "1-0"]
[WhiteElo "2327"]
[BlackElo "2523"]

1.d4 Nf6 2.c4 e6 3.Nf3 d5 4.Nc3 c6 5.e3 Nbd7 6.Qc2 Bd6 7.Be2 O-O 8.O-O dxc4
9.Bxc4 a6 10.a4 c5 11.dxc5 Bxc5 12.b3 b6 13.Ne4 Bb7 14.Nxc5 Nxc5 15.Bb2 Qe7
16.Ng5 e5 17.Qf5 h6 18.Nf3 Bxf3 19.gxf3 b5 20.axb5 axb5 21.Bxb5 Nxb3 22.Rxa8 Rxa8
23.Bc6 Ra5 24.Bc3 Rc5 25.Bb4 g6 26.Bxc5 Nxc5 27.Qc8+ Kg7 28.Rb1 Ne6 29.Rb8 Nf8
30.Rb7 Qd6 31.Qc7 Qe6 32.Rb5 e4 33.fxe4 Qg4+ 34.Qg3 Qd1+ 35.Kg2 Qc2 36.Bd5 N8d7
37.Qf4 Qd1 38.Bc6 Nh5 39.Qf3  1-0

[Event "KB Czech Open"]
[Site "Pardubice CZE"]
[Date "2000.07.25"]
[Round "5"]
[White "Neverov,V"]
[Black "Duppel,M"]
[Result "1/2-1/2"]
[WhiteElo "2547"]
[BlackElo "2376"]

1.d4 d5 2.c4 c6 3.Nc3 Nf6 4.e3 e6 5.Nf3 Nbd7 6.Bd3 dxc4 7.Bxc4 b5 8.Bd3 a6
9.e4 c5 10.e5 cxd4 11.Nxb5 Nxe5 12.Nxe5 axb5 13.O-O Qd5 14.Qe2 Rb8 15.Bg5 Be7
16.f4 O-O 17.Rf3 g6 18.Qf2 Bd8 19.Re1 Bb7 20.Rh3 Nh5 21.Rxh5 gxh5 22.Qg3 Kh8
23.Bh6 Bf6 24.Be4 Qd8 25.Bxf8 Qxf8 26.Nd7 Qd8 27.Nxb8 Bh4 28.Qd3 Bxe1 29.Bxb7 Qxb8
30.Qxd4+ Kg8 31.Bf3 Ba5 32.Kf1 h4 33.Qe5 Bd8 34.Qd4 Be7 35.Ke2 b4 36.Be4 Qb5+
37.Bd3 Qh5+ 38.Kd2 Qg4 39.Qe4 Qg7 40.Kc2 Bf8 41.Kb3 Bd6 42.f5 Qf6 43.Qg4+ Kf8
44.fxe6 Qxe6+ 45.Qxe6 fxe6 46.Bxh7 Kg7 47.Bd3 Kf6 48.g4 hxg3 49.hxg3 Ke5
50.Bc4 Kf5 51.Be2 Ke4 52.g4 Kd4 53.g5 Bf8 54.g6 e5 55.Ka4 e4 56.Kb5 Ke5 57.g7 Bxg7
58.Kxb4 Kd5 59.b3 Kc6 60.a4 Bd4 61.Kc4 Bf2 62.a5 Be1 63.b4 Kc7 64.Bg4 Bd2
65.Bf5 Be1 66.Bxe4 Bd2 67.Kb5 Be1 68.Ka6 Bd2 69.b5 Be3  1/2-1/2